| 000 | 00650nam a22001937a 4500 | ||
|---|---|---|---|
| 999 |
_c169554 _d169554 |
||
| 005 | 20191122162244.0 | ||
| 010 | _aUR-10607 | ||
| 020 |
_c200.00 _a- |
||
| 035 | _aU-9162 | ||
| 037 |
_bDBAD/PUB _a- |
||
| 082 | _a841 | ||
| 100 | _aمحمد محبت علی منا ن | ||
| 245 |
_aگلز ا ر منا ن _cمحمد محبت علی منا ن |
||
| 246 |
_bGulzar-e-Manan (Urdu) _aby Mohd. Mohabbath Ali Manan |
||
| 260 |
_aDelhi _bEducational Publishing House _c2018 ء |
||
| 270 |
_a3191,Vakil Street, Kucha Pandit,Lal Kuan, _bDelhi _e110006 _k01123216162 _l- |
||
| 300 |
_a112 ص _c22 Cm(Hb) |
||
| 942 |
_2ddc _cUR _h841 _mم ح م |
||